Statistics for Premiers of Saskatchewan

Click here to take the quiz!

General Stats

  • This quiz has been taken 18 times
  • The average score is 11 of 16

Answer Stats

TermPolitical PartyPremier% Correct
2007-2018Saskatchewan PartyBrad Wall
100%
1991-2001New Democratic PartyRoy Romanow
100%
2018-Saskatchewan PartyScott Moe
100%
1982-1991Progressive Conservative PartyGrant Devine
83%
2001-2007New Democratic PartyLorne Calvert
83%
1944-1961Co-operative Commonwealth FederationTommy Douglas
83%
1929-1934Conservative PartyJames Thomas Milton Anderson
67%
1971-1982New Democratic PartyAllen Blakeney
50%
1922-1926Liberal PartyCharles Avery Dunning
50%
1934-1935Liberal PartyJames G. Gardiner
50%
1926-1929Liberal PartyJames G. Gardiner
50%
1964-1971Liberal PartyRoss Thatcher
50%
1905-1916Liberal PartyThomas Walter Scott
50%
1935-1944Liberal PartyWilliam John Patterson
50%
1916-1922Liberal PartyWilliam Melville Martin
50%
1961-1964Co-operative Commonwealth FederationWoodrow Lloyd
50%

Score Distribution

Percentile by Number Answered

Percent of People with Each Score

Your Score History

You have not taken this quiz